Statistiken für Schweizer Kantone

Klicken Sie hier um das Quiz zu spielen!

Allgemein

  • Dieses Quiz wurde 18.045 mal gespielt
  • Das Durchschnittsergebnis liegt bei 18 aus 26

Antworten auf der Karte

Die Antworten werden auf der Karte rot bzw. grün angezeigt, abhängig davon wie oft sie richtig erraten wurden.
Laden ...
 

Antwortstatistiken

Kantone% Korrekt
Bern
96%
Zürich
94%
Genf
88%
Uri
82%
Graubünden
78%
Tessin
77%
Wallis
75%
Basel-Landschaft
74%
Basel-Stadt
74%
Aargau
73%
Luzern
73%
Schwyz
72%
St. Gallen
71%
Schaffhausen
68%
Zug
68%
Freiburg
67%
Appenzell Ausserrhoden
66%
Appenzell Innerrhoden
66%
Jura
66%
Thurgau
63%
Waadt
62%
Obwalden
61%
Neuenburg
60%
Nidwalden
60%
Solothurn
58%
Glarus
56%

Verteilung der Resultate

Perzentil nach korrekt beantworteten Fragen

Anzahl Personen mit jedem Resultat

Ihre Resultats-Entwicklung

Sie haben dieses Quiz noch nicht gespielt